| 000 | 00512nam a2200205Ia 4500 | ||
|---|---|---|---|
| 008 | 170918s9999 xx 000 0 und d | ||
| 020 | _a9780545060745 | ||
| 050 | _bM381 2009 | ||
| 100 | _aMartin, Justin McCory | ||
| 245 | _aReally cool reptiles / | ||
| 245 | _cby Justin McCory Martin. | ||
| 260 | _aNew York : | ||
| 260 | _bScholastic, | ||
| 260 | _c2009 | ||
| 300 | _a16 pages : | ||
| 300 | _bcolored illustration ; | ||
| 300 | _c23cm. | ||
| 300 | _eScience vocabulary readers. | ||
| 500 | _a500 | ||
| 999 |
_c343174 _d343174 |
||